[Event "OLNW 1819 SV Werder Bremen II - Delmenh"]
[Site "?"]
[Date "2018.10.21"]
[Round "1.1"]
[White "Korsus, Bernd"]
[Black "Grigorian, Spartak"]
[Result "0-1"]
[WhiteElo "2339"]
[BlackElo "2347"]
[PlyCount "70"]
[EventDate "2018.??.??"]

1. d4 Nf6 2. Nf3 d5 3. c4 e6 4. g3 dxc4 5. Bg2 a6 6. a4 c5 7. O-O cxd4 8. Qxd4
Qxd4 9. Nxd4 e5 10. Nc2 Nc6 11. Bxc6+ bxc6 12. Ne3 Be6 13. Nd2 Nd5 14. Nexc4 f6
15. Ne4 Nb4 16. Na3 Bf5 17. f3 Bxe4 18. fxe4 Bc5+ 19. Kg2 Rd8 20. Kf3 O-O 21.
Be3 Bd4 22. Nc4 Nc2 23. Rac1 Nxe3 24. Nxe3 Rb8 25. Nc4 Rb3+ 26. e3 Rfb8 27. Rc2
R8b4 28. a5 Bxb2 29. Nxb2 Rxb2 30. Rxc6 Rxh2 31. Rxa6 Rbb2 32. Kg4 Kf7 33. Kf5
g6+ 34. Kg4 h5+ 35. Kf3 g5 0-1

[Event "OLNW 1819 SV Werder Bremen II - Delmenh"]
[Site "?"]
[Date "2018.10.21"]
[Round "1.2"]
[White "Fish, Gennadij"]
[Black "Margraf, Daniel"]
[Result "1-0"]
[WhiteElo "2454"]
[BlackElo "2257"]
[PlyCount "83"]
[EventDate "2018.??.??"]

1. d4 Nf6 2. c4 e6 3. Nc3 Bb4 4. e3 d5 5. Bd3 O-O 6. Nf3 b6 7. O-O Nbd7 8. cxd5
exd5 9. Ne5 Bb7 10. f4 a6 11. Bd2 Bd6 12. Qf3 b5 13. Rac1 Nb6 14. Be1 b4 15.
Ne2 Ne4 16. Qh3 Qe8 17. Qh5 f6 18. Qxe8 Rfxe8 19. Nc6 Na4 20. b3 Nb2 21. Bxe4
Rxe4 22. Na5 Rxe3 23. Rc2 Rae8 24. Rxb2 Bc8 25. Rf2 Bd7 26. Nb7 Bb5 27. Nxd6
cxd6 28. Bxb4 Bxe2 29. Bxd6 Bd3 30. h3 h5 31. f5 Rc8 32. Bc5 Rce8 33. Kh2 R8e4
34. a4 Re8 35. b4 Rb8 36. Rb3 Rbe8 37. b5 axb5 38. axb5 Bc4 39. Rxe3 Rxe3 40.
Rb2 Re8 41. Bd6 Rd8 42. Be7 1-0

[Event "OLNW 1819 SV Werder Bremen II - Delmenh"]
[Site "?"]
[Date "2018.10.21"]
[Round "1.3"]
[White "Hoeffer, David"]
[Black "Meins, Gerlef"]
[Result "0-1"]
[WhiteElo "2245"]
[BlackElo "2408"]
[PlyCount "110"]
[EventDate "2018.??.??"]

1. d4 Nf6 2. c4 e6 3. Nf3 Bb4+ 4. Bd2 Qe7 5. g3 Nc6 6. Nc3 Bxc3 7. Bxc3 Ne4 8.
Rc1 d6 9. d5 Nxc3 10. Rxc3 Nb8 11. dxe6 fxe6 12. Bg2 O-O 13. O-O Nd7 14. Nd4
Nf6 15. c5 d5 16. c6 b6 17. Nc2 Qd6 18. e4 Nxe4 19. Bxe4 dxe4 20. Qe2 e5 21.
Qxe4 Bf5 22. Qc4+ Be6 23. Qe2 Rad8 24. Ne3 Qd2 25. Rc2 Qxe2 26. Rxe2 Rd6 27.
Rc2 a5 28. b3 Rfd8 29. Kg2 Rd2 30. Rfc1 Kf7 31. h4 Ke7 32. Kf1 Rxc2 33. Rxc2
Rd4 34. Ke2 a4 35. Kf3 g6 36. bxa4 Rxa4 37. Rd2 Rxa2 38. Rd1 Ra5 39. g4 Rc5 40.
Ke4 Rxc6 41. Kxe5 Rc5+ 42. Ke4 b5 43. f4 b4 44. f5 gxf5+ 45. gxf5 Bf7 46. Rf1
h5 47. f6+ Ke6 48. Kd4 Rc3 49. Nc4 c5+ 50. Kxc5 Kd7 51. Rd1+ Ke8 52. Re1+ Kf8
53. Kxb4 Rxc4+ 54. Kb5 Rxh4 55. Kc5 Rf4 0-1

[Event "OLNW 1819 SV Werder Bremen II - Delmenh"]
[Site "?"]
[Date "2018.10.21"]
[Round "1.4"]
[White "Joachim, Sven"]
[Black "Mossakowski, Florian"]
[Result "1-0"]
[WhiteElo "2394"]
[BlackElo "2291"]
[PlyCount "65"]
[EventDate "2018.??.??"]

1. e4 c5 2. Nf3 Nc6 3. Nc3 d6 4. d4 cxd4 5. Nxd4 Nf6 6. Bg5 e6 7. Qd2 Be7 8.
O-O-O O-O 9. f4 Nxd4 10. Qxd4 Qa5 11. Bc4 Bd7 12. e5 dxe5 13. fxe5 Bc6 14. Bd2
Nd7 15. Nd5 Qd8 16. Nxe7+ Qxe7 17. Rhe1 Rfd8 18. Qg4 Nf8 19. Bd3 Rxd3 20. cxd3
Qc5+ 21. Kb1 Qd5 22. Bb4 Ng6 23. Qe4 Qd7 24. Qe2 Nf4 25. Qg4 Nxg2 26. Rg1 h5
27. Qxh5 Qd4 28. Be7 Re8 29. Qg5 Rxe7 30. Qxe7 Qxe5 31. Rdf1 f5 32. Rf2 Ne3 33.
Rxg7+ 1-0

[Event "OLNW 1819 SV Werder Bremen II - Delmenh"]
[Site "?"]
[Date "2018.10.21"]
[Round "1.5"]
[White "Steingraeber, Kai Uwe"]
[Black "Richter, Christian"]
[Result "1/2-1/2"]
[WhiteElo "2037"]
[BlackElo "2356"]
[PlyCount "128"]
[EventDate "2018.??.??"]

1. e4 e5 2. Nf3 Nc6 3. Bc4 Bc5 4. c3 Nf6 5. d4 exd4 6. cxd4 Bb4+ 7. Bd2 Bxd2+
8. Nbxd2 d5 9. exd5 Nxd5 10. Qb3 Nce7 11. O-O O-O 12. Ne5 c6 13. a4 Qb6 14.
Bxd5 Nxd5 15. Qxb6 axb6 16. Ne4 Rd8 17. Nc4 Be6 18. Rfd1 Ra6 19. a5 Rda8 20.
Ned6 R8a7 21. Ra3 bxa5 22. Rda1 b6 23. Ne5 Rc7 24. Rc1 f6 25. Nd3 Ra8 26. Re1
Re7 27. Rc1 Rc7 28. Re1 Bd7 29. f3 Rd8 30. Rb3 Kf8 31. Nc4 Bc8 32. Nxb6 Nxb6
33. Rxb6 Rxd4 34. Nc5 Rc4 35. Ne4 Rb4 36. Nd6 Bd7 37. Ra6 Rb8 38. Rxa5 c5 39.
Re2 c4 40. Kf2 Rc6 41. Rd5 Rc7 42. Rd4 c3 43. bxc3 Rxc3 44. h4 Rc7 45. Kg3 Rb6
46. Kf4 Ra6 47. Re3 Rca7 48. h5 Ra4 49. Ree4 Rxd4 50. Rxd4 Ra5 51. g4 Ra3 52.
Nc4 Ra7 53. Nd6 Rc7 54. Re4 Rc3 55. Rd4 Rb3 56. Ne4 Bc6 57. Rc4 Rb6 58. Rd4 Be8
59. Nd6 Bd7 60. Nc4 Rb7 61. Nd6 Ra7 62. Re4 Ra5 63. Rd4 Be6 64. Re4 Bd7 1/2-1/2

[Event "OLNW 1819 SV Werder Bremen II - Delmenh"]
[Site "?"]
[Date "2018.10.21"]
[Round "1.6"]
[White "Buchal, Stephan"]
[Black "Pahl, Erik"]
[Result "1-0"]
[WhiteElo "2292"]
[BlackElo "1968"]
[PlyCount "61"]
[EventDate "2018.??.??"]

1. Nf3 c5 2. e4 d6 3. Bb5+ Nd7 4. O-O a6 5. Bd3 Ngf6 6. c3 b5 7. Re1 e6 8. Bc2
c4 9. b3 Qc7 10. a4 Bb7 11. axb5 axb5 12. Rxa8+ Bxa8 13. Na3 cxb3 14. Bxb3 Nxe4
15. Nd4 Ndc5 16. Naxb5 Qb7 17. Ba4 Nxa4 18. Qxa4 Kd8 19. Qa5+ Kd7 20. f3 Nc5
21. Ba3 Be7 22. Nxd6 Bxd6 23. Bxc5 Qc7 24. Qb5+ Bc6 25. Bxd6 Qxd6 26. Qg5 g6
27. Qf6 Rf8 28. Ra1 Qb8 29. h4 h5 30. Kh1 Qb7 31. Nxe6 1-0

[Event "OLNW 1819 SV Werder Bremen II - Delmenh"]
[Site "?"]
[Date "2018.10.21"]
[Round "1.7"]
[White "Steffens, Oliver"]
[Black "Charmeteau, Sven"]
[Result "0-1"]
[WhiteElo "1960"]
[BlackElo "2283"]
[PlyCount "46"]
[EventDate "2018.??.??"]

1. e4 e5 2. Nf3 Nc6 3. Bb5 d6 4. Bxc6+ bxc6 5. O-O Ne7 6. d3 Ng6 7. Be3 c5 8.
Nbd2 Be7 9. Nc4 f6 10. Bd2 c6 11. Ba5 Qd7 12. Ne3 O-O 13. c3 Rb8 14. Qd2 d5 15.
g3 Bd8 16. Bxd8 Rxd8 17. Rfd1 Qh3 18. Qe2 d4 19. cxd4 cxd4 20. Nc4 Bg4 21. Ncd2
Rxb2 22. Rdb1 Rxd2 23. Qxd2 Bxf3 0-1

[Event "OLNW 1819 SV Werder Bremen II - Delmenh"]
[Site "?"]
[Date "2018.10.21"]
[Round "1.8"]
[White "Steffens, Olaf"]
[Black "Pahl, Theis"]
[Result "1-0"]
[WhiteElo "2184"]
[BlackElo "1996"]
[PlyCount "105"]
[EventDate "2018.??.??"]

1. Nf3 c5 2. c4 Nc6 3. g3 g6 4. Bg2 Bg7 5. Nc3 d6 6. d3 Bd7 7. Bd2 Nf6 8. Qc1
O-O 9. Bh6 a6 10. h4 Bxh6 11. Qxh6 Qb6 12. Rb1 Ng4 13. Qd2 h5 14. a3 Qa5 15. b4
Qxa3 16. bxc5 Qxc5 17. Ne4 Qa7 18. Bh3 Kg7 19. Qb2+ f6 20. Nfg5 Qd4 21. Qxd4
Nxd4 22. Nf3 Nc6 23. Rxb7 Rfb8 24. Rxb8 Rxb8 25. O-O Rb2 26. Ra1 a5 27. Nc3 Rc2
28. Ra3 Kf7 29. Kg2 Ke8 30. Ne1 Rb2 31. Bxg4 hxg4 32. f4 Nd4 33. Kf2 a4 34. Ra2
Rxa2 35. Nxa2 Kd8 36. e3 Nc6 37. Nc2 Kc7 38. Ke2 Kb6 39. Kd2 e6 40. Kc3 Ne7 41.
e4 e5 42. fxe5 dxe5 43. d4 f5 44. c5+ Kb7 45. dxe5 fxe4 46. Nab4 Nf5 47. Nd4
Nxg3 48. e6 Be8 49. c6+ Bxc6 50. Nbxc6 Kc7 51. Ne5 Nf5 52. Nxf5 gxf5 53. e7 1-0

[Event "OLNW 1819 SF Hannover - SV Werder Breme"]
[Site "?"]
[Date "2018.11.11"]
[Round "2.1"]
[White "Grigorian, Spartak"]
[Black "Ackermann, Dennie"]
[Result "1-0"]
[WhiteElo "2351"]
[BlackElo "2163"]
[PlyCount "49"]
[EventDate "2018.??.??"]

1. d4 Nf6 2. Nf3 e6 3. g3 d5 4. Bg2 b5 5. O-O Be7 6. Nbd2 Bb7 7. Nb3 a5 8. Bd2
Nc6 9. a4 b4 10. Bg5 Nd7 11. Bxe7 Nxe7 12. Qd2 Nc6 13. Rfc1 Nb6 14. Nc5 Nc4 15.
Qe1 Bc8 16. b3 Nb6 17. c3 O-O 18. Nd3 Ba6 19. cxb4 Nxb4 20. Nxb4 axb4 21. Ne5
Qd6 22. Rc6 Qe7 23. Rac1 Ra7 24. R6c2 Bb7 25. Rxc7 1-0

[Event "OLNW 1819 SF Hannover - SV Werder Breme"]
[Site "?"]
[Date "2018.11.11"]
[Round "2.3"]
[White "Joachim, Sven"]
[Black "Pawelzik, Malte"]
[Result "1/2-1/2"]
[WhiteElo "2398"]
[BlackElo "2118"]
[PlyCount "68"]
[EventDate "2018.??.??"]

1. e4 e6 2. d4 d5 3. Nc3 Bb4 4. e5 c5 5. a3 Bxc3+ 6. bxc3 Ne7 7. Qg4 cxd4 8.
Qxg7 Rg8 9. Qxh7 Qc7 10. Ne2 Nbc6 11. f4 dxc3 12. h4 d4 13. h5 Bd7 14. h6 O-O-O
15. Qd3 Kb8 16. h7 Rh8 17. g4 Bc8 18. Bg2 Qb6 19. Ng3 Nd5 20. Bxd5 Rxd5 21. Ne4
Ka8 22. Kf2 Qc7 23. Nf6 Rdd8 24. Rb1 b6 25. Rh5 Bb7 26. Rg5 Ne7 27. Rg7 Qc6 28.
Rxf7 Qg2+ 29. Ke1 Nd5 30. Qe2 Qh1+ 31. Qf1 Qh4+ 32. Qf2 Qh1+ 33. Qf1 Qh4+ 34.
Qf2 Qh1+ {(=)} 1/2-1/2

[Event "OLNW 1819 SF Hannover - SV Werder Breme"]
[Site "?"]
[Date "2018.11.11"]
[Round "2.4"]
[White "Kaimer, Thomas"]
[Black "Richter, Christian"]
[Result "0-1"]
[WhiteElo "2149"]
[BlackElo "2354"]
[PlyCount "49"]
[EventDate "2018.??.??"]

1. e4 e5 2. f4 exf4 3. Nf3 g5 4. Nc3 Bg7 5. g3 fxg3 6. d4 h6 7. hxg3 Nc6 8. Be3
Nf6 9. Qd2 d5 10. exd5 Nxd5 11. Nxd5 Qxd5 12. Bg2 Qa5 13. c3 Be6 14. O-O Rd8
15. Qf2 Qf5 16. Qe1 Qg6 17. c4 Nxd4 18. Bxd4 Rxd4 19. Ne5 Qh5 20. Nxf7 Kd7 21.
Ne5+ Kc8 22. Qe3 Rhd8 23. Nc6 Bxc4 24. Nxd8 Rxd8 25. Rf2 {ZÜ} 0-1

[Event "OLNW 1819 SF Hannover - SV Werder Breme"]
[Site "?"]
[Date "2018.11.11"]
[Round "2.5"]
[White "Charmeteau, Sven"]
[Black "Herrmann, Andreas"]
[Result "1-0"]
[WhiteElo "2286"]
[BlackElo "2160"]
[PlyCount "53"]
[EventDate "2018.??.??"]

1. e4 c5 2. Nf3 d6 3. d4 cxd4 4. Nxd4 Nf6 5. Nc3 a6 6. Bg5 e6 7. f4 Be7 8. Qf3
Qc7 9. O-O-O Nbd7 10. Qg3 b5 11. a3 Bb7 12. Bd3 Rc8 13. Rhe1 Nc5 14. e5 dxe5
15. fxe5 Nxd3+ 16. Rxd3 Nh5 17. Qe3 g6 18. g4 Bxg5 19. Qxg5 h6 20. Qd2 Ng7 21.
Ndxb5 axb5 22. Nxb5 Qc6 23. Nd6+ Ke7 24. Rc3 Qd5 25. Qf4 Rhf8 26. Qf6+ Kd7 27.
Nxc8 1-0

[Event "OLNW 1819 SF Hannover - SV Werder Breme"]
[Site "?"]
[Date "2018.11.11"]
[Round "2.6"]
[White "Ploog, Martin"]
[Black "Kardoeus, David"]
[Result "0-1"]
[WhiteElo "2108"]
[BlackElo "2191"]
[PlyCount "44"]
[EventDate "2018.??.??"]

1. d4 Nf6 2. c4 g6 3. g3 Bg7 4. Bg2 O-O 5. Nc3 d6 6. Nf3 c5 7. dxc5 dxc5 8.
Qxd8 Rxd8 9. Ne5 Nfd7 10. Nd3 Nc6 11. Be3 Nde5 12. O-O-O Nxc4 13. Nxc5 Bf5 14.
Nxb7 Rdc8 15. Nc5 Rab8 16. Nb3 Nb4 17. Bd4 e5 18. Bxa7 Bh6+ 19. e3 Nxa2+ 20.
Nxa2 Nxe3+ 21. Nc3 Nxg2+ 22. Nd2 Rxc3+ 0-1

[Event "OLNW 1819 SF Hannover - SV Werder Breme"]
[Site "?"]
[Date "2018.11.11"]
[Round "2.7"]
[White "Krallmann, Matthias"]
[Black "Edel, Thomas"]
[Result "1-0"]
[WhiteElo "2140"]
[BlackElo "2084"]
[PlyCount "65"]
[EventDate "2018.??.??"]

1. d4 d5 2. c4 c6 3. Nf3 Nf6 4. Qc2 dxc4 5. Qxc4 Bf5 6. g3 e6 7. Bg2 Be7 8. O-O
O-O 9. e3 Nbd7 10. Qe2 Qb6 11. Rd1 Rac8 12. Nc3 Ne4 13. Ne1 Nxc3 14. bxc3 Bg6
15. e4 c5 16. Bb2 Rfd8 17. Nd3 Qa6 18. Bf1 Qa4 19. Nf4 Nb6 20. Nxg6 hxg6 21. d5
exd5 22. exd5 Bd6 23. c4 Re8 24. Qd3 Re7 25. Re1 Rce8 26. Qc3 f6 27. Rxe7 Rxe7
28. Re1 Qe8 29. Rxe7 Qxe7 30. Qc2 Qe8 31. Bd3 Qa4 32. Qe2 Qd7 33. Bxg6 1-0

[Event "OLNW 1819 SF Hannover - SV Werder Breme"]
[Site "?"]
[Date "2018.11.11"]
[Round "2.8"]
[White "Witthaus, Joerg"]
[Black "Colbow, Collin"]
[Result "1/2-1/2"]
[WhiteElo "2028"]
[BlackElo "2131"]
[PlyCount "45"]
[EventDate "2018.??.??"]

1. d4 Nf6 2. Nf3 e6 3. c4 Bb4+ 4. Bd2 c5 5. Bxb4 cxb4 6. e3 d6 7. Be2 O-O 8. a3
bxa3 9. Rxa3 Nc6 10. Nc3 e5 11. d5 Nb4 12. O-O a5 13. e4 Nd7 14. Nd2 Nc5 15.
Na4 Nxa4 16. Qxa4 Bd7 17. Qd1 f5 18. exf5 Bxf5 19. Rg3 Qe7 20. Nf3 Rac8 21. Qd2
Qf6 22. b3 h6 23. Ne1 {(=)} 1/2-1/2

[Event "OLNW 1819 SV Werder Bremen II - Hamelne"]
[Site "?"]
[Date "2018.11.25"]
[Round "3.1"]
[White "Bode, Wilfried"]
[Black "Grigorian, Spartak"]
[Result "1/2-1/2"]
[WhiteElo "2348"]
[BlackElo "2351"]
[PlyCount "41"]
[EventDate "2018.??.??"]

1. d4 Nf6 2. Nf3 d5 3. c4 e6 4. g3 dxc4 5. Qa4+ Nbd7 6. Bg2 a6 7. Nc3 c5 8. O-O
cxd4 9. Nxd4 Qc7 10. Ndb5 Qb8 11. Na3 Be7 12. Bf4 Qa7 13. Qxc4 O-O 14. Rad1 Nb6
15. Qd4 Nbd5 16. Nxd5 Nxd5 17. Qxa7 Rxa7 18. Bxd5 exd5 19. Nc2 Bh3 20. Rfe1 Rc8
21. Rc1 {(=)} 1/2-1/2

[Event "OLNW 1819 SV Werder Bremen II - Hamelne"]
[Site "?"]
[Date "2018.11.25"]
[Round "3.2"]
[White "Joachim, Sven"]
[Black "Tonndorf, Matthias"]
[Result "1/2-1/2"]
[WhiteElo "2398"]
[BlackElo "2227"]
[PlyCount "142"]
[EventDate "2018.??.??"]

1. g3 g6 2. Bg2 Bg7 3. d4 c5 4. c3 cxd4 5. cxd4 Nf6 6. e4 O-O 7. Nc3 d6 8. Nge2
Nbd7 9. O-O Nb6 10. b3 Bd7 11. Bb2 Rb8 12. Qd2 Nc8 13. Rfd1 b5 14. Nf4 b4 15.
Nce2 Qa5 16. a3 Qb5 17. a4 Qg5 18. Rac1 Ne8 19. h4 Qh6 20. Rc2 a5 21. Bc1 e5
22. dxe5 Bxe5 23. Qd5 Qg7 24. Qxa5 Nf6 25. Nd3 Be6 26. Rcd2 Bxb3 27. Re1 Nb6
28. Nxe5 dxe5 29. Qxe5 Nc4 30. Qd4 Nxd2 31. Qxd2 Rfd8 32. Qb2 Rd1 33. Rxd1 Bxd1
34. Nc3 Bg4 35. Nb5 Nd7 36. Qxb4 Qa1 37. Qc3 Qxa4 38. Bb2 f6 39. Nd4 Ne5 40.
Bf1 Qb4 41. Ba1 Qxc3 42. Bxc3 Rb1 43. Kg2 Bh3+ 44. Kxh3 Rxf1 45. Kg2 Rd1 46.
Ne2 Nd7 47. Nf4 Kf7 48. Kf3 Rb1 49. Ke2 Ne5 50. f3 Rc1 51. Nd5 Nd7 52. Ke3 Rg1
53. Kf2 Rh1 54. Kg2 Rd1 55. Kf2 Rc1 56. Ke3 Nb6 57. Bd4 Nxd5+ 58. exd5 Rc2 59.
Ba7 Rg2 60. Bb8 h5 61. Bf4 Ke7 62. Ke4 Kd7 63. Ke3 Ra2 64. Ke4 Re2+ 65. Kd4 Re8
66. Kd3 Rg8 67. Ke4 g5 68. Bd2 gxh4 69. gxh4 Rg3 70. Be1 Rg1 71. Bc3 Ke7 {(=)}
1/2-1/2

[Event "OLNW 1819 SV Werder Bremen II - Hamelne"]
[Site "?"]
[Date "2018.11.25"]
[Round "3.3"]
[White "van Son, Lutz"]
[Black "Richter, Christian"]
[Result "1/2-1/2"]
[WhiteElo "2169"]
[BlackElo "2354"]
[PlyCount "40"]
[EventDate "2018.??.??"]

1. e4 e5 2. Nc3 Nf6 3. Bc4 Nc6 4. d3 Na5 5. Nge2 d6 6. O-O Be7 7. Bb3 c6 8. f4
Nxb3 9. axb3 O-O 10. Qe1 exf4 11. Bxf4 d5 12. exd5 Nxd5 13. Nxd5 Qxd5 14. Nc3
Qe6 15. Qf2 Qf5 16. Ne4 a6 17. Qb6 Qd7 18. Rae1 h6 19. Kh1 a5 20. Nc5 Bxc5 {(=)
} 1/2-1/2

[Event "OLNW 1819 SV Werder Bremen II - Hamelne"]
[Site "?"]
[Date "2018.11.25"]
[Round "3.4"]
[White "Charmeteau, Sven"]
[Black "Renner, Kai"]
[Result "1-0"]
[WhiteElo "2286"]
[BlackElo "2169"]
[PlyCount "55"]
[EventDate "2018.??.??"]

1. e4 c5 2. Nf3 e6 3. d4 cxd4 4. Nxd4 a6 5. Bd3 Nf6 6. O-O Qc7 7. Kh1 d6 8. f4
Be7 9. Qe1 Nbd7 10. a4 b6 11. Ra3 Bb7 12. Rc3 Qd8 13. Nc6 Bxc6 14. Rxc6 Nc5 15.
e5 Nxd3 16. cxd3 dxe5 17. fxe5 Nd5 18. Qg3 Bf8 19. Nd2 Qd7 20. Rc4 b5 21. Rd4
Qa7 22. Re4 g6 23. Re2 Rc8 24. Ne4 Rc7 25. Nd6+ Bxd6 26. exd6 Rd7 27. Qe5 O-O
28. Bh6 1-0

[Event "OLNW 1819 SV Werder Bremen II - Hamelne"]
[Site "?"]
[Date "2018.11.25"]
[Round "3.5"]
[White "Schmidt, Dennis"]
[Black "Steffens, Olaf"]
[Result "1/2-1/2"]
[WhiteElo "2035"]
[BlackElo "2189"]
[PlyCount "141"]
[EventDate "2018.??.??"]

1. e4 e6 2. d3 d5 3. Nd2 c5 4. Ngf3 Nc6 5. g3 g6 6. Bg2 Bg7 7. O-O Nge7 8. Re1
b6 9. c3 O-O 10. e5 Qc7 11. Qe2 g5 12. Nxg5 Qxe5 13. Ndf3 Qxe2 14. Rxe2 h6 15.
Nh3 e5 16. Nh4 Ba6 17. Rd2 Rad8 18. f4 c4 19. dxc4 Bxc4 20. fxe5 Nxe5 21. Nf4
N5g6 22. Nhxg6 Nxg6 23. Nxd5 Rde8 24. Rd1 Ne5 25. Ne3 Be2 26. Re1 Nf3+ 27. Bxf3
Bxf3 28. Kf2 Be4 29. Nf1 b5 30. a3 a5 31. Be3 f5 32. Rad1 b4 33. axb4 axb4 34.
Bd4 f4 35. g4 bxc3 36. bxc3 Bc2 37. Rxe8 Bxd1 38. Rxf8+ Bxf8 39. h3 Be7 40. Nd2
Bh4+ 41. Kg2 Kf7 42. Be5 Bg5 43. Nf3 Ke6 44. Bg7 Kd5 45. Nxg5 hxg5 46. Bf6 Kc4
47. Kf2 Kd3 48. Bxg5 Kxc3 49. Bxf4 Kd4 50. Kg3 Kd5 51. Bc1 Ke6 52. Bb2 Kf7 53.
Kf4 Kg6 54. h4 Be2 55. h5+ Kh7 56. Kg5 Bd1 57. Kh4 Be2 58. g5 Bd3 59. Ba3 Bc2
60. Bf8 Bd3 61. Kg4 Be2+ 62. Kh4 Bd3 63. Kg3 Be2 64. Kh4 Bd3 65. Bc5 Bc2 66.
Be3 Kg7 67. Bd2 Bd3 68. Kg3 Be2 69. Bc3+ Kh7 70. Kh4 Bd3 71. Kg3 {(=)} 1/2-1/2

[Event "OLNW 1819 SV Werder Bremen II - Hamelne"]
[Site "?"]
[Date "2018.11.25"]
[Round "3.6"]
[White "Kardoeus, David"]
[Black "Gerstmann, Frank"]
[Result "1-0"]
[WhiteElo "2191"]
[BlackElo "2150"]
[PlyCount "153"]
[EventDate "2018.??.??"]

1. e4 c5 2. Nf3 d6 3. d4 cxd4 4. Nxd4 Nf6 5. Nc3 a6 6. Bg5 e6 7. f4 Be7 8. Qf3
Nbd7 9. O-O-O Qa5 10. g4 h6 11. Bxf6 Bxf6 12. h4 Qc5 13. Nce2 Nb6 14. g5 Be7
15. Kb1 Bd7 16. Bh3 Rc8 17. Nc3 Nc4 18. f5 Qb6 19. Nb3 a5 20. fxe6 fxe6 21.
Qh5+ Kd8 22. a4 Na3+ 23. bxa3 Rxc3 24. Kb2 Re3 25. Qg6 hxg5 26. Qxg7 Rxh4 27.
Qg8+ Kc7 28. Bxe6 Rxh1 29. Rxh1 Bf6+ 30. Kb1 Rxb3+ 31. Bxb3 Qd4 32. Qc4+ Qxc4
33. Bxc4 Bxa4 34. Rh6 Be5 35. Rg6 Bf4 36. Bd5 b5 37. Kb2 Kb6 38. Kc3 Kc5 39.
Bb3 b4+ 40. axb4+ axb4+ 41. Kb2 Bc6 42. Bd5 Bxd5 43. exd5 Kxd5 44. Kb3 Bd2 45.
Rh6 Ke5 46. Kc4 g4 47. Rg6 Kf4 48. Kd3 Bc3 49. Ke2 Be5 50. Rg8 g3 51. Rb8 Bc3
52. Rd8 Be5 53. Rb8 Kg4 54. Rxb4+ Kf5 55. Kf3 Ke6 56. c4 Kd7 57. Rb5 Kc6 58.
Rd5 Kd7 59. Rb5 Kc6 60. Ke3 Bf6 61. Rf5 Be5 62. Rf8 Kc5 63. Kd3 Bg7 64. Rc8+
Kb4 65. Rb8+ Kc5 66. Rg8 Be5 67. Rb8 Kc6 68. Ke4 Kc7 69. Re8 Kc6 70. Rg8 Kc5
71. Rc8+ Kb4 72. Kd5 Bf4 73. Rb8+ Kc3 74. Rf8 Be5 75. c5 g2 76. Rg8 Bd4 77.
Rg3+ 1-0

[Event "OLNW 1819 SV Werder Bremen II - Hamelne"]
[Site "?"]
[Date "2018.11.25"]
[Round "3.7"]
[White "Koch, Yannick"]
[Black "Krallmann, Matthias"]
[Result "1-0"]
[WhiteElo "2059"]
[BlackElo "2140"]
[PlyCount "137"]
[EventDate "2018.??.??"]

1. d4 d5 2. c4 dxc4 3. Nf3 Nf6 4. e3 e6 5. Bxc4 c5 6. O-O a6 7. a4 Nc6 8. Nc3
Bd6 9. Qe2 Qc7 10. Rd1 O-O 11. h3 Re8 12. e4 cxd4 13. Nxd4 Nxd4 14. Rxd4 Be5
15. Rd1 Bd7 16. Bd2 Rac8 17. Bd3 Bc6 18. a5 Bd4 19. Rac1 Rcd8 20. b4 Qe5 21. b5
axb5 22. Nxb5 Bb2 23. f4 Qh5 24. Rb1 Rxd3 25. Qxd3 Bxb5 26. Qe3 Ba4 27. Re1 Bc6
28. Rxb2 Nxe4 29. Rc1 Qd5 30. Be1 Rd8 31. Re2 f5 32. Rec2 Qb5 33. Qb6 Qxb6+ 34.
axb6 Kf7 35. Ra1 Rd3 36. Ra7 Kg6 37. Kh2 Rb3 38. Ba5 h5 39. Ra8 Rb1 40. Rh8 Rb5
41. h4 Nf6 42. Bc3 Ng4+ 43. Kh3 Rb3 44. Rc1 Rxb6 45. Rg8 Nf6 46. Bxf6 Kxf6 47.
Rf8+ Kg6 48. Rc3 Kh7 49. Rg3 g6 50. Rf6 Be8 51. Rf8 Bc6 52. Rf7+ Kh6 53. Rf6
Be8 54. Rf8 Bc6 55. Rg8 Kh7 56. R8xg6 Rb1 57. Rg7+ Kh8 58. Rg8+ Kh7 59. R8g7+
Kh8 60. Kh2 Rf1 61. R7g5 Be8 62. Rg8+ Kh7 63. Rxe8 Rxf4 64. Kh3 Re4 65. Re7+
Kh6 66. Rxb7 f4 67. Rg5 Re3+ 68. Kh2 Rf3 69. Rbg7 1-0

[Event "OLNW 1819 SV Werder Bremen II - Hamelne"]
[Site "?"]
[Date "2018.11.25"]
[Round "3.8"]
[White "Colbow, Collin"]
[Black "Kaiser, Gerhard"]
[Result "1-0"]
[WhiteElo "2131"]
[BlackElo "2120"]
[PlyCount "107"]
[EventDate "2018.??.??"]

1. e4 d5 2. exd5 Qxd5 3. Nc3 Qd6 4. d4 Nf6 5. Nf3 c6 6. g3 Bf5 7. Bg2 h6 8. O-O
e6 9. Re1 Na6 10. a3 Nc7 11. Ne5 Rd8 12. Bf4 Qxd4 13. Nxc6 Qxd1 14. Raxd1 Rxd1
15. Rxd1 Ncd5 16. Nxd5 Nxd5 17. Bxd5 exd5 18. Rxd5 Bd7 19. Nxa7 Be7 20. Nb5 Bc6
21. Nc7+ Kf8 22. Rd2 f5 23. c4 Kf7 24. b4 Be4 25. Nb5 Ra8 26. Bd6 Bf6 27. Bc5
Kg6 28. Bd4 Rd8 29. Bc3 Rxd2 30. Bxd2 Bd3 31. Nd6 b6 32. Be3 Bb2 33. Bxb6 Bxa3
34. Ba5 Kf6 35. c5 Ke6 36. Kg2 Kd5 37. Kf3 Bc1 38. Kg2 g5 39. f3 Bd2 40. Kf2 g4
41. Nf7 Ke6 42. Nd8+ Ke7 43. Nc6+ Ke6 44. Nb8 gxf3 45. c6 Be4 46. c7 Bb7 47.
Nc6 Kd7 48. Ne5+ Kc8 49. Nc4 Bxb4 50. Bxb4 Kxc7 51. Nd6 Be4 52. Nxe4 fxe4 53.
g4 Kc6 54. Bf8 1-0

[Event "OLNW 1819 SV Werder Bremen II - Hannove"]
[Site "?"]
[Date "2018.12.16"]
[Round "4.1"]
[White "Piepho, Niels"]
[Black "Grigorian, Spartak"]
[Result "0-1"]
[WhiteElo "2240"]
[BlackElo "2346"]
[PlyCount "88"]
[EventDate "2018.??.??"]

1. Nf3 d5 2. g3 Nf6 3. Bg2 b5 4. O-O e6 5. d3 Bb7 6. Nbd2 Be7 7. a4 b4 8. e4 c5
9. e5 Nfd7 10. Re1 Nc6 11. Nf1 Qc7 12. Bf4 O-O 13. h4 Rfc8 14. h5 h6 15. N1h2
Qd8 16. Ng4 Bf8 17. Nd2 Rab8 18. c3 bxc3 19. bxc3 Ba6 20. Qc2 Rb7 21. Ra2 Rb6
22. Bf3 Rcb8 23. Kg2 Qc8 24. Rb1 Rxb1 25. Nxb1 Qc7 26. Na3 Rb7 27. Qd1 Qa5 28.
c4 Nd4 29. cxd5 Nxf3 30. Qxf3 Rb3 31. Ne3 Qxa4 32. Qg4 Rxd3 33. dxe6 Qc6+ 34.
f3 Nxe5 35. Bxe5 Rxe3 36. exf7+ Kh7 37. Bxg7 Bc8 38. Qf4 Qe6 39. Rd2 Kxg7 40.
Nc4 Qh3+ 41. Kf2 Re7 42. g4 Rxf7 43. Qe5+ Kg8 44. Qd5 Bb7 0-1

[Event "OLNW 1819 SV Werder Bremen II - Hannove"]
[Site "?"]
[Date "2018.12.16"]
[Round "4.2"]
[White "Wachinger, Nikolas"]
[Black "Helmer, Christoph"]
[Result "1/2-1/2"]
[WhiteElo "2306"]
[BlackElo "2141"]
[PlyCount "78"]
[EventDate "2018.??.??"]

1. e4 c5 2. Nf3 d6 3. d4 cxd4 4. Nxd4 Nf6 5. Nc3 g6 6. Be3 Bg7 7. f3 O-O 8. Qd2
Nc6 9. O-O-O d5 10. exd5 Nxd5 11. Nxc6 bxc6 12. Bd4 Bxd4 13. Qxd4 Qb6 14. Na4
Qc7 15. Bc4 Rd8 16. Bb3 Bf5 17. Nc5 Nf4 18. Qc4 Be6 19. Nxe6 Nxe6 20. Rde1 Qa5
21. Qh4 Rd7 22. Bxe6 fxe6 23. Kb1 Rad8 24. Qe4 Rd6 25. a3 Rb8 26. Re3 Rb5 27.
f4 Qb6 28. b3 Rbd5 29. Rhe1 Kf7 30. Rh3 Kg8 31. Rc3 Qf2 32. Rc1 Rd4 33. Qe5
Qxf4 34. Qxf4 Rxf4 35. Re1 Rf2 36. Rg3 Rdd2 37. Rc3 Rd6 38. Rg3 Rdd2 39. Rc3
Rd6 {(=)} 1/2-1/2

[Event "OLNW 1819 SV Werder Bremen II - Hannove"]
[Site "?"]
[Date "2018.12.16"]
[Round "4.3"]
[White "Schulz, Daniel"]
[Black "Meins, Gerlef"]
[Result "0-1"]
[WhiteElo "2069"]
[BlackElo "2408"]
[PlyCount "114"]
[EventDate "2018.??.??"]

1. d4 Nf6 2. c4 e6 3. g3 c5 4. d5 exd5 5. cxd5 d6 6. Nc3 g6 7. Bg2 Bg7 8. Nf3
O-O 9. O-O Re8 10. Nd2 a6 11. a4 Nbd7 12. h3 b6 13. Kh2 Nh5 14. Nde4 Ndf6 15.
Bg5 h6 16. Nxf6+ Nxf6 17. Bd2 Bd7 18. Bf4 Qe7 19. e4 Nh5 20. Be3 b5 21. Qd2 Qf8
22. axb5 axb5 23. Rxa8 Rxa8 24. e5 Bxe5 25. Bxh6 Bg7 26. Bg5 Nf6 27. Re1 b4 28.
Nd1 Re8 29. Rxe8 Qxe8 30. Qe3 Ba4 31. Qd2 Ne4 32. Bxe4 Qxe4 33. Ne3 Bb3 34. Bf4
Qd4 35. Nf1 Qxd2 36. Nxd2 Bxd5 37. Bxd6 Bxb2 38. Bxc5 b3 39. Kg1 Bc3 40. Nb1
Bg7 41. Ba3 b2 42. Nd2 Ba2 43. f3 Bd4+ 44. Kf1 b1=Q+ 45. Nxb1 Bxb1 46. Ke2 Kg7
47. Bc1 Kf6 48. Bd2 Ke5 49. Bf4+ Kd5 50. Bd2 Ba2 51. Bc1 Bc4+ 52. Ke1 Bc3+ 53.
Kf2 Kd4 54. Bg5 Kd3 55. Bc1 Bd4+ 56. Ke1 Bd5 57. f4 Ke4 0-1